header

Distribution and development (Record no. 127012)

MARC details
000 -LEADER
fixed length control field 01306nam a2200325 a 4500
082 04 - DEWEY DECIMAL CLASSIFICATION NUMBER
Classification number 339.22091724
100 1# - MAIN ENTRY--AUTHOR NAME
Personal name Fields, Gary S.
245 10 - TITLE STATEMENT
Title Distribution and development
260 ## - PUBLICATION, DISTRIBUTION, ETC. (IMPRINT)
Place of publication New York :
Name of publisher Russell Sage Foundation ;
Place of publication London :
Name of publisher MIT Press,
Year of publication 2001.
300 ## - PHYSICAL DESCRIPTION
Number of Pages x, 260 p. :
Other physical details ill.
650 #0 - SUBJECT ADDED ENTRY--TOPICAL TERM
Topical Term Income distribution
Topical Term Poverty
856 40 - ELECTRONIC LOCATION AND ACCESS
Uniform Resource Identifier http://site.ebrary.com/lib/rucke/Doc?id=2001017

No items available.

© 2026 Rongo University
Contact us: librarian | system librarian | Rongo university